Corporate Financial Distress, Restructuring, and Bankruptcy Analyze Leveraged Finance, Distressed Debt, and Bankruptcy
Salvato in:
| Autore principale: | |
|---|---|
| Altri autori: | , |
| Natura: | Libro |
| Lingua: | inglese |
| Pubblicazione: |
Hoboken
Wiley
2019
|
| Edizione: | 4th Edition |
| Soggetti: | |
| Tags: |
Nessun Tag, puoi essere il primo ad aggiungerne!!
|
MARC
| LEADER | 00000nam a2200000 4500 | ||
|---|---|---|---|
| 001 | 0304847 | ||
| 005 | 20250102110352.6 | ||
| 020 | |a 978-1-119-48180-5 | ||
| 041 | 0 | |a eng | |
| 044 | |a US | ||
| 245 | 1 | 0 | |a Corporate Financial Distress, Restructuring, and Bankruptcy |b Analyze Leveraged Finance, Distressed Debt, and Bankruptcy |c Edward I. Altman, Edith Hotchkiss, Wei Wang |
| 250 | |a 4th Edition | ||
| 264 | 1 | |a Hoboken |b Wiley |c 2019 | |
| 300 | |a 349 s. | ||
| 610 | 2 | 0 | |a financie podnikové |
| 610 | 2 | 0 | |a zadlženosť |
| 610 | 2 | 0 | |a bankrot |
| 610 | 2 | 0 | |a likvidácia podniku |
| 610 | 2 | 0 | |a predvídanie |
| 610 | 2 | 0 | |a reštrukturalizácia |
| 610 | 2 | 0 | |a reštrukturalizácia finančná |
| 610 | 2 | 0 | |a dlhy |
| 100 | 1 | |a Altman, Edward I. | |
| 700 | 1 | |a Hotchkiss, Edith | |
| 700 | 1 | |a Wang, Wei | |